| 000 | 00683nam a22002297a 4500 | ||
|---|---|---|---|
| 999 |
_c3181 _d3181 |
||
| 003 | AR-CdUCM | ||
| 008 | 190306b ||||| |||| 00| 0 spa d | ||
| 040 |
_aMUNICIPALIDAD PROVINCIAL DEL CUSCO _cBIBLIOTECA MUNICIPAL DEL CUSCO |
||
| 041 | _heng | ||
| 082 |
_a848.9 / _bC345 |
||
| 100 |
_aCassou, Jean _910694 |
||
| 245 | _aEn la zona sin limites / | ||
| 260 |
_aBuenos Aires : _bEditorial Siglo veinte, _c1943. |
||
| 300 |
_a141 páginas ; _c21 cm. |
||
| 505 | _aContenido: Grandes novelistas contemporáneos. | ||
| 650 |
_aNarrativa _967 |
||
| 650 |
_aContemporaneo _9512 |
||
| 650 |
_aNovelas francesas _9571 |
||
| 650 |
_aSiglo XX _98 |
||
| 942 |
_2ddc _cLIBROS |
||
| 945 | _adavv | ||